000 00671nam a2200229Ia 4500
003 OSt
005 20220923230204.0
006 a|||||r|||| 00| 0
007 ta
008 Pun
024 _a278,180
037 _cTextual
040 _aARTS
_cARTS
_bPun
041 _2Pun
_aPun
082 _aO153,1:g(Q223), M5
100 _aਅਰFੀ, ਸਾਹਿਬ ਸਿੰਘ
_9168921
245 0 _aਪੰਜਾਬੀ ਕ੍ਰਿFਨ ਕਾਵਿ ਦਾ ਮੁਲਾਂਕਣ
260 _c1985
650 _aਪੰਜਾਬੀ ਸਾਹਿਤ
942 _hO153,1:g(Q223), M5
_cTEXL
_2CC
999 _c383137
_d383137